Elektronické "ohrevové" měniče

Gespeichert in:
Bibliographische Detailangaben
1. Verfasser: Vaško, A. (Verfasst von)
Format: Buch
Sprache:Tschechisch
Veröffentlicht: Praha : SNTL, 1955
Tags: Tag hinzufügen
Keine Tags, Fügen Sie das erste Tag hinzu!

MARC

LEADER 00000nam a22000003a 4500
001 stu207261
005 20150617230059.7
008 100712s1955------------------------cze-d
040 |a STU  |b slo 
041 0 |a cze 
100 1 |a Vaško, A.  |4 aut 
245 1 |a Elektronické "ohrevové" měniče 
260 |a Praha :  |b SNTL,  |c 1955 
996 |b E12296  |c E*12296  |l EE11  |s P  |a 0  |w stu207261_0001